Computación 1, aplicaciones de escritorio y red, módulos I y III

Bibliographic Details
Main Author: Álvarez Carvajal, Araceli Guadalupe
Format: Section = Libro
Language:Undetermined
Spanish
Published: México Cultural 2001
Subjects:
LEADER 00708nam a2200217Ia 4500
008 240829s9999 xx 000 0 und d
020 |a 970-24-0193-3 
040 |a BIBLIOTECA-RUPAP 004 A473 
041 |a spa 
082 |a 004 A473 
100 1 |a Álvarez Carvajal, Araceli Guadalupe 
245 1 0 |a Computación 1, aplicaciones de escritorio y red, módulos I y III 
260 |a México  |b Cultural  |c 2001 
300 |a 239 p. :il. 
650 7 |a COMPUTACIoN 
650 7 |b  PROGRAMACION 
650 7 |c  LENGUAJES DE PROGRAMACION 
650 7 |d  DIBUJOS- GRAFICOS. I. Eduardo Callejas, Rosa Alicia, coaut. II. Martínez Carazos, Blanca Idalia, coaut. III. Tít. 
942 |c BK  |2 ddc 
991 |a TEXTO 
999 |c 7000